Housing and welfare in southern Europe (Record no. 102440)
[ view plain ]
| 000 -LEADER | |
|---|---|
| fixed length control field | 01068cam a2200385 4500 |
| 008 - FIXED-LENGTH DATA ELEMENTS--GENERAL INFORMATION | |
| fixed length control field | 020930n2004 000 0 eng u |
| 020 ## - INTERNATIONAL STANDARD BOOK NUMBER | |
| International Standard Book Number | 1405103078 |
| 035 ## - SYSTEM CONTROL NUMBER | |
| System control number | (Sirsi) u119901 |
| 041 ## - LANGUAGE CODE | |
| Language code of text/sound track or separate title | eng. |
| 050 ## - LIBRARY OF CONGRESS CALL NUMBER | |
| Classification number | 363.5094 |
| -- | 22 |
| 100 ## - MAIN ENTRY--PERSONAL NAME | |
| Personal name | Allen, Judith |
| 245 ## - TITLE STATEMENT | |
| Title | Housing and welfare in southern Europe |
| 260 ## - PUBLICATION, DISTRIBUTION, ETC. | |
| Place of publication, distribution, etc. | Oxford |
| Name of publisher, distributor, etc. | Blackwell |
| Date of publication, distribution, etc. | 2004 |
| 300 ## - PHYSICAL DESCRIPTION | |
| Extent | xii, 228p. |
| Dimensions | 25cm. |
| 350 ## - PRICE (NR) (BK AM CF MU VM SE) [OBSOLETE] | |
| Price | 42.50 |
| 490 ## - SERIES STATEMENT | |
| Series statement | Blackwell Real Estate Issues |
| 520 ## - SUMMARY, ETC. | |
| Summary, etc. | Discusses comparative European housing policy. Shows how the relationship between state, market and civil society in southern Europe is fundamentally different to the north. |
| 650 ## - SUBJECT ADDED ENTRY--TOPICAL TERM | |
| Topical term or geographic name entry element | HOUSING |
| 650 ## - SUBJECT ADDED ENTRY--TOPICAL TERM | |
| Topical term or geographic name entry element | SOUTHERN EUROPE |
| 650 ## - SUBJECT ADDED ENTRY--TOPICAL TERM | |
| Topical term or geographic name entry element | WELFARE |
| 650 ## - SUBJECT ADDED ENTRY--TOPICAL TERM | |
| Topical term or geographic name entry element | HOUSING POLICY |
| 650 ## - SUBJECT ADDED ENTRY--TOPICAL TERM | |
| Topical term or geographic name entry element | FAMILY |
| 650 ## - SUBJECT ADDED ENTRY--TOPICAL TERM | |
| Topical term or geographic name entry element | EUROPE |
| 650 ## - SUBJECT ADDED ENTRY--TOPICAL TERM | |
| Topical term or geographic name entry element | PORTUGAL |
| 650 ## - SUBJECT ADDED ENTRY--TOPICAL TERM | |
| Topical term or geographic name entry element | SPAIN |
| 650 ## - SUBJECT ADDED ENTRY--TOPICAL TERM | |
| Topical term or geographic name entry element | ITALY |
| 650 ## - SUBJECT ADDED ENTRY--TOPICAL TERM | |
| Topical term or geographic name entry element | GREECE |
| 690 ## - LOCAL SUBJECT ADDED ENTRY--TOPICAL TERM (OCLC, RLIN) | |
| Topical term or geographic name as entry element | HOUSING |
| 700 ## - ADDED ENTRY--PERSONAL NAME | |
| Personal name | Barlow, James |
| 700 ## - ADDED ENTRY--PERSONAL NAME | |
| Personal name | Padovani, Liliana |
| 700 ## - ADDED ENTRY--PERSONAL NAME | |
| Personal name | Maloutas, Thomas |
| 700 ## - ADDED ENTRY--PERSONAL NAME | |
| Personal name | Leal, Jesus |
| 942 ## - ADDED ENTRY ELEMENTS (KOHA) | |
| Suppress in OPAC | 0 |
| Withdrawn status | Lost status | Source of classification or shelving scheme | Damaged status | Not for loan | Home library | Current library | Shelving location | Date acquired | Cost, normal purchase price | Total Checkouts | Full call number | Barcode | Date last seen | Date last checked out | Copy number | Cost, replacement price | Price effective from | Koha item type |
|---|---|---|---|---|---|---|---|---|---|---|---|---|---|---|---|---|---|---|
| Dewey Decimal Classification | London | London | Books | 22/07/2004 | 36.12 | 1 | 363.5094 ALL | 30069286 | 06/08/2019 | 07/09/2005 | 1 | 36.12 | 06/08/2019 | Book |